000 01724nam0a2200349 4500
001 RU\NLR\bibl\80147
005 20250616103705.0
010 _a5-8459-0017-4
_94000
021 _aRU
_b1999-51261
_92537
035 _a(NLR Aleph) 000078246
090 _a434588
_c434588
100 _a20000412d1999 |||y0rusy50 ca
101 1 _arus
_ceng
102 _aRU
105 _aa |||||||||
200 1 _aAutoCAD 2000. Библия пользователя
_e[Учеб. пособие
_eПер. с англ.]
_fЭллен Финкельштейн
_g[Предисл. Вейна Ходгинса]
210 _aМ. и др.
_cДиалектика
_cВильямс
_d1999
215 _a1039 с.
_cил.
_d24
_eКомпакт-диск
300 _aЗагл. и авт. ориг.: AutoCAD 2000. Bible/ Ellen Finkelstein
320 _aПредм. указ.: с.1030-1039
320 _aДр. тр. авт. на 25-й с.
454 0 _12001#$aAutoCAD 2000. Bible$fEllen Finkelstein
_tAutoCAD 2000. Bible
606 0 _aAutoCAD 2000, система автоматизированного проектирования
_jРуководства, пособия и т.п. для высшей школы
_92140070
_3RU\NLR\auth\661289981
606 0 _aAutoCAD 2000, система автоматизированного проектирования
_jУчебные издания для высшей школы
_jУчебные издания для высшей школы
_92140070
_3RU\NLR\auth\661289981
686 _aЖ2-5-05я7
700 1 _aФинкельштейн
_bЭ.
_gЭллен
_4070
801 0 _aRU
_bNLR
_c20000412
_gPSBO
801 1 _aRU
_bNLR
_c20000412
852 _aNLR
_j2000-7/114
942 _cBOOK
980 _aNB